000 00462nam a2200169Ia 4500
001 66307
008 150514s9999 xx 000 0 und d
020 _a978189041669
040 _cPK-LaUMT
082 _a363.325088290942
_bLAM-C
100 _aLambert, Robert
245 _aCountering al-Qaeda in London
_bpolice and Muslims in partnership
_cLambert, Robert
260 _aLondon,UK:
_bHurst & Company,
_c2011
300 _a402 p.
546 _aEN
942 _cBK
999 _c71143
_d71143